[Event "24. Acropolis 2009"]
[Site "Chalkida GRE"]
[Date "2009.08.15"]
[Round "6.8"]
[White "Mamedov, Nidjat"]
[Black "Mastrovasilis, Athanasios"]
[Result "0-1"]
[WhiteElo "2614"]
[BlackElo "2503"]
[PlyCount "60"]
[EventDate "2009.08.10"]
[EventType "swiss"]
[EventRounds "9"]
[EventCountry "GRE"]
[Source "lmi"]
[SourceDate "2009.08.10"]

1. e4 e5 2. Nf3 Nc6 3. Bb5 Nf6 4. d3 d6 5. c3 Be7 6. O-O O-O 7. Re1 a6 8. Ba4
Nd7 9. d4 exd4 10. Nxd4 Nxd4 11. cxd4 Nb6 12. Bb3 d5 13. exd5 Bd6 14. Nc3 Bf5
15. Qf3 Qf6 16. Ne4 Qg6 17. Nxd6 cxd6 18. Bf4 Rfe8 19. Rxe8+ Rxe8 20. Qg3 a5
21. f3 a4 22. Re1 Rxe1+ 23. Qxe1 h6 24. Bxa4 Nxa4 25. Qe8+ Kh7 26. Qxa4 Bh3 27.
g4 Qd3 28. Kf2 g5 29. Qd7 Qf1+ 30. Ke3 Qc1+ 0-1

[Event "24. Acropolis 2009"]
[Site "Chalkida GRE"]
[Date "2009.08.15"]
[Round "6.9"]
[White "Halkias, Stelios"]
[Black "Svetushkin, Dmitry"]
[Result "1/2-1/2"]
[WhiteElo "2564"]
[BlackElo "2607"]
[PlyCount "22"]
[EventDate "2009.08.10"]
[EventType "swiss"]
[EventRounds "9"]
[EventCountry "GRE"]
[Source "lmi"]
[SourceDate "2009.08.10"]

1. d4 d5 2. c4 c6 3. Nc3 dxc4 4. e3 b5 5. a4 b4 6. Ne4 Qd5 7. Nd2 c3 8. bxc3
bxc3 9. Ndf3 e6 10. Ba3 Bxa3 11. Rxa3 Nf6 1/2-1/2

[Event "24. Acropolis 2009"]
[Site "Chalkida GRE"]
[Date "2009.08.15"]
[Round "6.10"]
[White "Rozentalis, Eduardas"]
[Black "Kapnisis, Spyridon"]
[Result "1/2-1/2"]
[WhiteElo "2588"]
[BlackElo "2464"]
[PlyCount "43"]
[EventDate "2009.08.10"]
[EventType "swiss"]
[EventRounds "9"]
[EventCountry "GRE"]
[Source "lmi"]
[SourceDate "2009.08.10"]

1. e4 c5 2. Nf3 Nc6 3. c3 Nf6 4. e5 Nd5 5. Bc4 Nb6 6. Bb3 d6 7. exd6 Qxd6 8.
O-O Be6 9. Qe2 Bxb3 10. axb3 g6 11. Na3 Bg7 12. d4 cxd4 13. Nb5 Qd7 14. Rd1 O-O
15. Nbxd4 Nxd4 16. Nxd4 a6 17. Nf3 Qc7 18. Qe4 e5 19. Be3 Rad8 20. h3 h6 21.
Qh4 g5 22. Bxb6 1/2-1/2

[Event "24. Acropolis 2009"]
[Site "Chalkida GRE"]
[Date "2009.08.15"]
[Round "6.11"]
[White "Harika, Dronavalli"]
[Black "Mastrovasilis, Dimitrios"]
[Result "1/2-1/2"]
[WhiteElo "2445"]
[BlackElo "2567"]
[PlyCount "71"]
[EventDate "2009.08.10"]
[EventType "swiss"]
[EventRounds "9"]
[EventCountry "GRE"]
[Source "lmi"]
[SourceDate "2009.08.10"]

1. d4 d5 2. c4 c6 3. Nf3 Nf6 4. Nc3 e6 5. Bg5 h6 6. Bh4 dxc4 7. e4 b5 8. e5 g5
9. Nxg5 hxg5 10. Bxg5 Nbd7 11. g3 Rg8 12. h4 Rxg5 13. hxg5 Nd5 14. g6 Qa5 15.
Rh8 Nxc3 16. Qd2 fxg6 17. bxc3 Bb7 18. Bh3 O-O-O 19. Bxe6 Qa3 20. Rh7 Be7 21.
Qc1 Qxc1+ 22. Rxc1 Re8 23. Rb1 Ba6 24. Bf7 Rf8 25. Bxc4 Kd8 26. Bd3 Nb6 27. f4
Nd5 28. Kd2 Bc8 29. Rbh1 g5 30. Rh8 gxf4 31. Rxf8+ Bxf8 32. Rh8 Ke8 33. Bg6+
Ke7 34. Rh7+ Kd8 35. Rh8 Ke7 36. Rh7+ 1/2-1/2

[Event "24. Acropolis 2009"]
[Site "Chalkida GRE"]
[Date "2009.08.15"]
[Round "6.12"]
[White "Smirin, Ilia"]
[Black "Stefanova, Antoaneta"]
[Result "0-1"]
[WhiteElo "2650"]
[BlackElo "2535"]
[PlyCount "110"]
[EventDate "2009.08.10"]
[EventType "swiss"]
[EventRounds "9"]
[EventCountry "GRE"]
[Source "lmi"]
[SourceDate "2009.08.10"]

1. e4 e5 2. Nf3 Nc6 3. Bb5 a6 4. Ba4 Nf6 5. O-O b5 6. Bb3 Bc5 7. c3 d6 8. d4
Ba7 9. a4 O-O 10. axb5 axb5 11. Na3 Rb8 12. Nc2 Bb6 13. Bg5 h6 14. Bh4 exd4 15.
Ncxd4 Nxd4 16. Nxd4 Bb7 17. Bd5 g5 18. Bxb7 Rxb7 19. Nf5 gxh4 20. Qf3 Nh7 21.
e5 d5 22. Nxh6+ Kg7 23. Nf5+ Kh8 24. Kh1 Ra7 25. Rad1 c6 26. Qh3 Ra2 27. Nxh4
Rxb2 28. f4 Rg8 29. f5 Bf2 30. Nf3 Qe7 31. Qh6 f6 32. Rd2 Rxd2 33. Qxd2 Bc5 34.
Nh4 Qxe5 35. Qh6 Qe2 36. Ra1 Re8 37. h3 Qe4 38. Qh5 Rf8 39. Ng6+ Kg8 40. Nxf8
Nxf8 41. Rf1 Bd6 42. h4 Bg3 43. Ra1 c5 44. Rd1 Be5 45. Qf3 Qxf3 46. gxf3 d4 47.
cxd4 Bxd4 48. f4 Nd7 49. Kg2 Nb6 50. Re1 Kf7 51. Kf3 Nc4 52. h5 Ne3 53. Ke4 Kg7
54. Rg1+ Kh7 55. h6 Kxh6 0-1

[Event "24. Acropolis 2009"]
[Site "Chalkida GRE"]
[Date "2009.08.15"]
[Round "6.14"]
[White "Kolev, Atanas"]
[Black "Zygouris, Hristos"]
[Result "1-0"]
[WhiteElo "2569"]
[BlackElo "2212"]
[PlyCount "65"]
[EventDate "2009.08.10"]
[EventType "swiss"]
[EventRounds "9"]
[EventCountry "GRE"]
[Source "lmi"]
[SourceDate "2009.08.10"]

1. e4 e5 2. Nf3 Nf6 3. Nxe5 d6 4. Nf3 Nxe4 5. d4 d5 6. Bd3 Nc6 7. O-O Be7 8.
Re1 Bf5 9. Nc3 Nxc3 10. bxc3 Bxd3 11. Qxd3 O-O 12. Bf4 Bd6 13. Ng5 g6 14. Qh3
h5 15. Qg3 Qf6 16. Bxd6 cxd6 17. Nh3 Rae8 18. Nf4 Qf5 19. Qf3 Rxe1+ 20. Rxe1
Qxc2 21. Nxd5 Qd2 22. Rd1 Qxa2 23. h4 Qa5 24. Rb1 Rb8 25. Nf6+ Kg7 26. Nd7 Re8
27. Qf6+ Kg8 28. Qxd6 Rd8 29. d5 Nb8 30. Nf6+ Kg7 31. Qe5 Kf8 32. Rxb7 Nc6 33.
Qf4 1-0

[Event "24. Acropolis 2009"]
[Site "Chalkida GRE"]
[Date "2009.08.15"]
[Round "6.15"]
[White "Chirila, Ioan-Cristian"]
[Black "Peptan, Corina-Isabela"]
[Result "1/2-1/2"]
[WhiteElo "2526"]
[BlackElo "2392"]
[PlyCount "92"]
[EventDate "2009.08.10"]
[EventType "swiss"]
[EventRounds "9"]
[EventCountry "GRE"]
[Source "lmi"]
[SourceDate "2009.08.10"]

1. e4 c5 2. Nf3 d6 3. d4 cxd4 4. Nxd4 Nf6 5. Nc3 Nc6 6. Bg5 e6 7. Qd2 Qb6 8.
Bxf6 gxf6 9. Nb3 a6 10. O-O-O Bd7 11. f4 O-O-O 12. Be2 h5 13. Rhf1 Be7 14. Kb1
Rdg8 15. Bf3 h4 16. h3 Kb8 17. Ne2 Rc8 18. Bg4 Qb4 19. Qe3 Na5 20. Nxa5 Qxa5
21. f5 Qe5 22. fxe6 fxe6 23. Nf4 Rhg8 24. Qb3 Rxg4 25. hxg4 Rg8 26. Nd3 Qb5 27.
Nf2 Qxb3 28. axb3 e5 29. Rh1 Bxg4 30. Nxg4 Rxg4 31. Rde1 Kc7 32. Re2 Kd7 33.
Rf1 Ke6 34. c4 Bd8 35. Rf5 Bb6 36. Rh5 Bc5 37. Rh7 b6 38. Kc2 a5 39. b4 Bxb4
40. Kb3 Bc5 41. Ka4 f5 42. Rh6+ Kf7 43. exf5 Rxc4+ 44. Kb5 Rf4 45. Kc6 Kg7 46.
Rg6+ Kf7 1/2-1/2

[Event "24. Acropolis 2009"]
[Site "Chalkida GRE"]
[Date "2009.08.15"]
[Round "6.16"]
[White "Romanishin, Oleg M"]
[Black "Papadopoulos, Ioannis K"]
[Result "1-0"]
[WhiteElo "2503"]
[BlackElo "2450"]
[PlyCount "53"]
[EventDate "2009.08.10"]
[EventType "swiss"]
[EventRounds "9"]
[EventCountry "GRE"]
[Source "lmi"]
[SourceDate "2009.08.10"]

1. Nf3 Nf6 2. g3 d5 3. Bg2 c6 4. O-O Bg4 5. c4 e6 6. Ne5 Bh5 7. d4 Nbd7 8. Nc3
Be7 9. Qb3 Qb6 10. Nxd7 Nxd7 11. e4 dxe4 12. Nxe4 O-O 13. Be3 Rfd8 14. Qc3 Qa6
15. a4 c5 16. dxc5 Be2 17. Rfc1 e5 18. b4 Qg6 19. Nd6 Bxd6 20. cxd6 e4 21. c5
Rac8 22. Bf4 Bd3 23. Qd4 Nf8 24. Qd5 Ne6 25. Be3 Rd7 26. Qe5 Re8 27. b5 1-0

[Event "24. Acropolis 2009"]
[Site "Chalkida GRE"]
[Date "2009.08.15"]
[Round "6.17"]
[White "Georgiadis, Ioannis"]
[Black "Danielian, Elina"]
[Result "1-0"]
[WhiteElo "2438"]
[BlackElo "2502"]
[PlyCount "113"]
[EventDate "2009.08.10"]
[EventType "swiss"]
[EventRounds "9"]
[EventCountry "GRE"]
[Source "lmi"]
[SourceDate "2009.08.10"]

1. e4 c6 2. d4 d5 3. Nc3 dxe4 4. Nxe4 Nd7 5. Ng5 Ndf6 6. Bc4 e6 7. N1f3 Bd6 8.
Ne5 Bxe5 9. dxe5 Qa5+ 10. Kf1 Nd7 11. f4 Ne7 12. Qh5 Ng6 13. f5 Ndxe5 14. fxg6
Nxc4 15. gxf7+ Ke7 16. Qh4 Qb5 17. a4 Ne3+ 18. Kf2 Nf5 19. axb5 Nxh4 20. Be3
Ng6 21. Bxa7 Bd7 22. Bc5+ Kf6 23. f8=Q+ Raxf8 24. Bxf8 Kxg5 25. Bxg7 Rg8 26.
h4+ Kf5 27. h5 Nf4 28. bxc6 Bxc6 29. h6 Rc8 30. Rhd1 Bxg2 31. Rac1 Bd5 32. c4
Be4 33. Rc3 Rc7 34. Rd8 Ng6 35. Ke3 e5 36. Rd6 Bc6 37. Rc1 Rf7 38. b4 Nf4 39.
b5 Ng2+ 40. Kd2 Bf3 41. c5 e4 42. Bd4 Kf4 43. Rc3 Nh4 44. Be3+ Ke5 45. Rd8 Nf5
46. c6 bxc6 47. Rc5+ Ke6 48. Rxc6+ Ke5 49. b6 Nxe3 50. Kxe3 Bg2 51. Rc5+ Ke6
52. Rc7 Rf3+ 53. Ke2 Bf1+ 54. Kd1 e3 55. b7 e2+ 56. Ke1 Ra3 57. Rc1 1-0

[Event "24. Acropolis 2009"]
[Site "Chalkida GRE"]
[Date "2009.08.15"]
[Round "6.18"]
[White "Zawadzka, Jolanta"]
[Black "Dembo, Yelena"]
[Result "1-0"]
[WhiteElo "2387"]
[BlackElo "2466"]
[PlyCount "133"]
[EventDate "2009.08.10"]
[EventType "swiss"]
[EventRounds "9"]
[EventCountry "GRE"]
[Source "lmi"]
[SourceDate "2009.08.10"]

1. e4 c5 2. Nf3 Nc6 3. d4 cxd4 4. Nxd4 Nf6 5. Nc3 d6 6. Bg5 e6 7. Qd2 a6 8.
O-O-O Bd7 9. f3 h6 10. Be3 b5 11. Kb1 Ne5 12. f4 Neg4 13. Bd3 b4 14. Nce2 e5
15. Nf3 Nxe3 16. Qxe3 Qc7 17. h3 a5 18. g4 a4 19. Rhg1 Ra5 20. Qd2 Qb7 21. Ng3
exf4 22. Qxf4 b3 23. cxb3 axb3 24. a3 Be7 25. Nd4 g6 26. Rge1 O-O 27. Qxh6 Nh7
28. Qd2 Ra4 29. Nf3 Bf6 30. Rc1 Be6 31. Qe2 Ng5 32. Nf5 Nxf3 33. Qxf3 Be5 34.
Ne3 Qa7 35. Nc4 Bd4 36. Bf1 Rb8 37. Red1 Bxc4 38. Bxc4 Be5 39. Rd3 Kg7 40. Bxb3
Ra6 41. Ka2 Rab6 42. h4 Ra8 43. Rf1 Rb7 44. Qf2 Qb8 45. h5 g5 46. Qf5 Qd8 47.
Rf2 Rab8 48. Qf3 Kh8 49. Rc2 Kg7 50. Qf2 Kh8 51. Rf3 Bg7 52. Rd2 Be5 53. Rdd3
f6 54. Rd2 Qe7 55. Qe2 Qd8 56. Rc2 Qa5 57. Qc4 Ra7 58. Qe6 Qd8 59. Bd5 Re7 60.
Qf5 Qe8 61. Rb3 Rd8 62. Rb7 Rxb7 63. Bxb7 d5 64. Bxd5 Rb8 65. Qe6 Qd8 66. b4
Qf8 67. Qf7 1-0

[Event "24. Acropolis 2009"]
[Site "Chalkida GRE"]
[Date "2009.08.15"]
[Round "6.20"]
[White "Gluckman, David"]
[Black "Koneru, Humpy"]
[Result "0-1"]
[WhiteElo "2275"]
[BlackElo "2623"]
[PlyCount "64"]
[EventDate "2009.08.10"]
[EventType "swiss"]
[EventRounds "9"]
[EventCountry "GRE"]
[Source "lmi"]
[SourceDate "2009.08.10"]

1. d4 Nf6 2. Nf3 g6 3. g3 Bg7 4. Bg2 d6 5. O-O O-O 6. c4 Nbd7 7. Nc3 e5 8. e4
exd4 9. Nxd4 Re8 10. h3 a6 11. a4 c6 12. Qc2 Nc5 13. Bf4 Nfxe4 14. Nxe4 Nxe4
15. Nxc6 bxc6 16. Bxe4 Rb8 17. Bxc6 Rxb2 18. Qd3 Ree2 19. Rae1 Rxe1 20. Rxe1
Be6 21. Bg2 Qb6 22. Be3 Qb4 23. Rd1 Be5 24. c5 dxc5 25. Qd8+ Kg7 26. Qg5 Bf6
27. Qh6+ Kg8 28. Kh2 Qxa4 29. Bxc5 Rb8 30. Rb1 Rc8 31. Rb4 Qa5 32. Bd6 Bg5 0-1

[Event "24. Acropolis 2009"]
[Site "Chalkida GRE"]
[Date "2009.08.15"]
[Round "6.21"]
[White "Georgiev, Vladimir"]
[Black "Klinova, Masha"]
[Result "1-0"]
[WhiteElo "2530"]
[BlackElo "2312"]
[PlyCount "77"]
[EventDate "2009.08.10"]
[EventType "swiss"]
[EventRounds "9"]
[EventCountry "GRE"]
[Source "lmi"]
[SourceDate "2009.08.10"]

1. d4 d6 2. e4 Nf6 3. Nc3 g6 4. Bg5 Bg7 5. f4 O-O 6. Qd2 a6 7. Nf3 b5 8. Bd3
Bb7 9. e5 b4 10. Ne2 Nd5 11. O-O-O Nd7 12. f5 dxe5 13. fxg6 hxg6 14. Bh6 exd4
15. Nexd4 e5 16. Bxg7 Kxg7 17. Nf5+ gxf5 18. Bxf5 Rh8 19. Rhf1 f6 20. Qe1 Rh6
21. g4 Kh8 22. g5 fxg5 23. Bxd7 Qxd7 24. Nxe5 Qg7 25. Nf7+ Kg8 26. Nxh6+ Qxh6
27. Qe5 Rf8 28. Rxf8+ Kxf8 29. Rf1+ Nf4 30. Qxc7 Bd5 31. Kb1 Kg8 32. Rg1 Qf6
33. h4 Ne6 34. Qb8+ Kg7 35. hxg5 Qd4 36. Qh2 Qe4 37. Qh6+ Kg8 38. g6 Nf8 39. g7
1-0

[Event "24. Acropolis 2009"]
[Site "Chalkida GRE"]
[Date "2009.08.15"]
[Round "6.23"]
[White "Can, Emre"]
[Black "Botsari, Anna Maria"]
[Result "1-0"]
[WhiteElo "2455"]
[BlackElo "2298"]
[PlyCount "109"]
[EventDate "2009.08.10"]
[EventType "swiss"]
[EventRounds "9"]
[EventCountry "GRE"]
[Source "lmi"]
[SourceDate "2009.08.10"]

1. e4 c5 2. Nf3 e6 3. d4 cxd4 4. Nxd4 Nc6 5. Nb5 d6 6. Bf4 e5 7. Be3 Nf6 8. Bg5
a6 9. Bxf6 gxf6 10. N5c3 f5 11. Nd2 fxe4 12. Bc4 Be6 13. Bxe6 fxe6 14. Qh5+ Kd7
15. Ndxe4 Kc7 16. O-O Qe8 17. Qh3 Qg6 18. f4 exf4 19. Rxf4 Bg7 20. Rd1 Bd4+ 21.
Rxd4 Nxd4 22. Rf6 Qe8 23. Qd3 Nf5 24. Rxf5 Rd8 25. Rf6 d5 26. Ng5 Kb8 27. Rxe6
Qh5 28. Nf3 Rhg8 29. Re2 Qh6 30. b4 Rg4 31. b5 Qb6+ 32. Kf1 d4 33. Nd1 axb5 34.
Re5 Rdg8 35. g3 Qc6 36. Nf2 Rf8 37. Rf5 Rxf5 38. Qxf5 Rg8 39. Nxd4 Qc4+ 40. Qd3
Qxa2 41. Nxb5 Rc8 42. c3 Qa5 43. Ne4 Qa1+ 44. Kg2 Qa2+ 45. Kf3 Ka8 46. Qd6 Qa5
47. Qd7 Rf8+ 48. Kg4 Qb6 49. Nbd6 h5+ 50. Kxh5 Rh8+ 51. Kg4 Rg8+ 52. Kf4 Rf8+
53. Ke5 Qa5+ 54. Ke6 Rb8 55. Qb5 1-0

[Event "24. Acropolis 2009"]
[Site "Chalkida GRE"]
[Date "2009.08.15"]
[Round "6.25"]
[White "Ris, Robert"]
[Black "Ozturk, Kubra"]
[Result "1-0"]
[WhiteElo "2421"]
[BlackElo "2256"]
[PlyCount "89"]
[EventDate "2009.08.10"]
[EventType "swiss"]
[EventRounds "9"]
[EventCountry "GRE"]
[Source "lmi"]
[SourceDate "2009.08.10"]

1. d4 d5 2. c4 dxc4 3. Nf3 Nf6 4. Nc3 a6 5. e4 b5 6. e5 Nd5 7. a4 Nb6 8. axb5
e6 9. Be3 Bb4 10. Nd2 Bxc3 11. bxc3 axb5 12. Rxa8 Nxa8 13. Nxc4 bxc4 14. Qa4+
Nd7 15. Qxa8 Nb6 16. Qe4 O-O 17. Be2 Bd7 18. O-O Ba4 19. h4 Qd5 20. Qg4 Bc2 21.
Bf3 Qd7 22. h5 f5 23. exf6 Rxf6 24. Ra1 Bf5 25. Qg3 Nd5 26. Bg5 Rf8 27. Ra7
Nxc3 28. Rxc7 Qxd4 29. Be3 Qf6 30. Bf4 Rf7 31. Be5 Qh6 32. Bf4 Qf6 33. Bg5 Qd4
34. Rxf7 Kxf7 35. Qc7+ Kg8 36. Qc8+ Kf7 37. Qb7+ Kg8 38. Qa8+ Kf7 39. Qb7+ Kg8
40. Qb8+ Kf7 41. Qc7+ Kg8 42. Qc8+ Kf7 43. Be3 Qe5 44. Bc5 Kf6 45. Qd8+ 1-0

[Event "24. Acropolis 2009"]
[Site "Chalkida GRE"]
[Date "2009.08.15"]
[Round "6.26"]
[White "Maric, Alisa"]
[Black "Kaforos, Dimitrios Alkis"]
[Result "1-0"]
[WhiteElo "2407"]
[BlackElo "2203"]
[PlyCount "63"]
[EventDate "2009.08.10"]
[EventType "swiss"]
[EventRounds "9"]
[EventCountry "GRE"]
[Source "lmi"]
[SourceDate "2009.08.10"]

1. Nf3 Nc6 2. d4 d5 3. c4 Bg4 4. Nc3 e6 5. Bf4 Be7 6. e3 Nf6 7. h3 Bh5 8. Be2
O-O 9. O-O dxc4 10. Bxc4 Nb4 11. Qb3 Bg6 12. Rac1 Bd3 13. Rfd1 Bxc4 14. Qxc4 c6
15. e4 Qb6 16. a3 Qa6 17. Ne5 Qxc4 18. Nxc4 Na6 19. Na5 Nh5 20. Bh2 Bg5 21. Rc2
c5 22. Nxb7 cxd4 23. Rxd4 Bf4 24. Bxf4 Nxf4 25. Nb5 Rac8 26. Rdc4 Rxc4 27. Rxc4
Nd3 28. b4 f5 29. exf5 Nxf2 30. Kxf2 Rxf5+ 31. Kg1 Rxb5 32. Rc8+ 1-0

[Event "24. Acropolis 2009"]
[Site "Chalkida GRE"]
[Date "2009.08.15"]
[Round "6.27"]
[White "Stiri, Alexandra"]
[Black "Charkhalashvili, Inga"]
[Result "1/2-1/2"]
[WhiteElo "2163"]
[BlackElo "2357"]
[PlyCount "44"]
[EventDate "2009.08.10"]
[EventType "swiss"]
[EventRounds "9"]
[EventCountry "GRE"]
[Source "lmi"]
[SourceDate "2009.08.10"]

1. e4 c6 2. d4 d5 3. Nd2 dxe4 4. Nxe4 Bf5 5. Ng3 Bg6 6. h4 h6 7. Nf3 Nd7 8. h5
Bh7 9. Bd3 Bxd3 10. Qxd3 e6 11. Bf4 Ngf6 12. O-O-O Nd5 13. Bd2 Qc7 14. c4 N5f6
15. Ne4 O-O-O 16. g3 Nxe4 17. Qxe4 Nf6 18. Qe2 c5 19. Bc3 Bd6 20. Kb1 Rhe8 21.
dxc5 Qxc5 22. Nd4 a6 1/2-1/2

[Event "24. Acropolis 2009"]
[Site "Chalkida GRE"]
[Date "2009.08.15"]
[Round "6.28"]
[White "Asik, Josip"]
[Black "Galopoulos, Panagiotis"]
[Result "1-0"]
[WhiteElo "2356"]
[BlackElo "2161"]
[PlyCount "53"]
[EventDate "2009.08.10"]
[EventType "swiss"]
[EventRounds "9"]
[EventCountry "GRE"]
[Source "lmi"]
[SourceDate "2009.08.10"]

1. e4 c5 2. Nf3 e6 3. d4 cxd4 4. Nxd4 Nf6 5. Bd3 Nc6 6. Nxc6 bxc6 7. O-O d5 8.
Nd2 Be7 9. c4 O-O 10. Qc2 h6 11. e5 Nd7 12. Nf3 Nc5 13. Be2 a5 14. Be3 Ba6 15.
Rfd1 Qb8 16. Rac1 Nd7 17. Bf4 Nb6 18. b3 a4 19. Rb1 axb3 20. axb3 Bb4 21. Ra1
Nd7 22. Rxa6 Rxa6 23. cxd5 Rb6 24. dxe6 fxe6 25. Rxd7 Rxf4 26. Qg6 Bf8 27. Bd3
1-0

[Event "24. Acropolis 2009"]
[Site "Chalkida GRE"]
[Date "2009.08.15"]
[Round "6.29"]
[White "Cherednichenko, Svetlana"]
[Black "Bozinakis, Pavlos"]
[Result "1-0"]
[WhiteElo "2347"]
[BlackElo "2148"]
[PlyCount "71"]
[EventDate "2009.08.10"]
[EventType "swiss"]
[EventRounds "9"]
[EventCountry "GRE"]
[Source "lmi"]
[SourceDate "2009.08.10"]

1. d4 Nf6 2. Nf3 e6 3. e3 d5 4. Bd3 Bd6 5. b3 O-O 6. Nbd2 b6 7. Ne5 Bb7 8. O-O
Ne4 9. f3 Nxd2 10. Qxd2 f6 11. Ng4 Nd7 12. c4 f5 13. Nf2 Qh4 14. Nh3 g5 15. Bb2
g4 16. fxg4 Qxg4 17. Nf4 Rf6 18. Nxe6 dxc4 19. Bxc4 b5 20. Nc5+ bxc4 21. Nxb7
cxb3 22. Nxd6 cxd6 23. d5 Ne5 24. axb3 Rg6 25. Bxe5 dxe5 26. d6 Qe4 27. d7 Rd8
28. Rxa7 Qc6 29. Rd1 f4 30. Qd5+ Kf8 31. Qxc6 Rxc6 32. exf4 exf4 33. Rd4 Ke7
34. Re4+ Kd6 35. Rxf4 Rxd7 36. Rd4+ 1-0

[Event "24. Acropolis 2009"]
[Site "Chalkida GRE"]
[Date "2009.08.15"]
[Round "6.30"]
[White "Petraki, Maria"]
[Black "Mamedjarova, Zeinab"]
[Result "1/2-1/2"]
[WhiteElo "2030"]
[BlackElo "2325"]
[PlyCount "83"]
[EventDate "2009.08.10"]
[EventType "swiss"]
[EventRounds "9"]
[EventCountry "GRE"]
[Source "lmi"]
[SourceDate "2009.08.10"]

1. e4 e5 2. Nf3 d6 3. d4 exd4 4. Nxd4 Nf6 5. Nc3 Be7 6. Bf4 O-O 7. Qd2 Re8 8.
O-O-O Bf8 9. f3 Nbd7 10. g4 Ne5 11. Be2 a6 12. Qe1 Nfd7 13. h4 b5 14. Qg3 b4
15. Nd5 c6 16. Ne3 Qa5 17. Kb1 Nb6 18. Nb3 Qa4 19. Nf5 Be6 20. Nxd6 Bxd6 21.
Rxd6 Nec4 22. Bxc4 Nxc4 23. Rdd1 Na5 24. Bc1 Nxb3 25. axb3 Qb5 26. f4 f6 27. f5
Bf7 28. g5 Qe5 29. Qxe5 Rxe5 30. Rd6 fxg5 31. hxg5 Rxe4 32. Rxc6 a5 33. Rd1 a4
34. bxa4 b3 35. cxb3 Bxb3 36. Rd3 Bxa4 37. Rcd6 Ree8 38. Rb6 Rec8 39. Rc3 Bd7
40. Rxc8+ Rxc8 41. f6 Bf5+ 42. Ka2 1/2-1/2

[Event "24. Acropolis 2009"]
[Site "Chalkida GRE"]
[Date "2009.08.15"]
[Round "6.31"]
[White "Lomineishvili, Maia"]
[Black "Khurtsilava, Inga"]
[Result "0-1"]
[WhiteElo "2427"]
[BlackElo "2261"]
[PlyCount "118"]
[EventDate "2009.08.10"]
[EventType "swiss"]
[EventRounds "9"]
[EventCountry "GRE"]
[Source "lmi"]
[SourceDate "2009.08.10"]

1. d4 Nf6 2. c4 e6 3. Nc3 Bb4 4. Qc2 c5 5. dxc5 Na6 6. a3 Bxc3+ 7. Qxc3 Nxc5 8.
f3 d6 9. b4 Ncd7 10. Bb2 O-O 11. e3 a5 12. Nh3 e5 13. Nf2 Nb6 14. Be2 Be6 15.
O-O axb4 16. axb4 Nxc4 17. Rxa8 Qxa8 18. Bxc4 Rc8 19. Qd2 Bxc4 20. Rc1 Qa6 21.
f4 Re8 22. Qc2 b5 23. Ne4 Nxe4 24. Qxe4 f6 25. Ra1 Qc8 26. fxe5 dxe5 27. Rd1
Qa8 28. Qxa8 Rxa8 29. Rd7 Ra2 30. Bc3 Re2 31. Rd1 Rxe3 32. Be1 Re2 33. Bf2 e4
34. Re1 Rb2 35. Rxe4 Rxb4 36. Re8+ Kf7 37. Re7+ Kxe7 38. Bc5+ Ke6 39. Bxb4 Kd5
40. Kf2 Ke4 41. h4 f5 42. g3 g6 43. Bf8 Bd3 44. Be7 f4 45. gxf4 Kxf4 46. Bd6+
Kg4 47. Be7 h6 48. Ke3 Bc2 49. Kf2 g5 50. hxg5 hxg5 51. Ke3 Bg6 52. Bd6 Kh3 53.
Kf2 g4 54. Bc5 g3+ 55. Kg1 Kg4 56. Bb4 Kf3 57. Bc5 g2 58. Bb4 Be4 59. Bc5 Ke2
0-1

[Event "24. Acropolis 2009"]
[Site "Chalkida GRE"]
[Date "2009.08.15"]
[Round "6.32"]
[White "Mamedjarova, Turkan"]
[Black "Foisor, Cristina Adela B"]
[Result "0-1"]
[WhiteElo "2260"]
[BlackElo "2424"]
[PlyCount "100"]
[EventDate "2009.08.10"]
[EventType "swiss"]
[EventRounds "9"]
[EventCountry "GRE"]
[Source "lmi"]
[SourceDate "2009.08.10"]

1. d4 g6 2. c4 Bg7 3. Nc3 d6 4. Nf3 Nd7 5. e4 e5 6. dxe5 dxe5 7. Be2 Nh6 8. h4
f6 9. h5 g5 10. b3 c6 11. Qd6 Bf8 12. Qd3 Nc5 13. Qc2 Ne6 14. Bd2 Qc7 15. O-O-O
Bc5 16. Rhf1 O-O 17. Na4 Bd4 18. Nh4 Ng7 19. Nf3 Ne6 20. Nh4 c5 21. Nf5 Nxf5
22. exf5 Nd8 23. g3 Bd7 24. Nc3 Bxc3 25. Bxc3 Nc6 26. f4 Nd4 27. Bxd4 exd4 28.
fxg5 Qxg3 29. Kb1 Bc6 30. Bd3 Rae8 31. h6 fxg5 32. f6 Kh8 33. Bxh7 Qh4 34. f7
Re6 35. Ka1 Rxh6 36. Bg8 Qe4 37. Qxe4 Bxe4 38. Rg1 g4 39. Rd2 Bf3 40. Kb2 Rh3
41. Rf2 Kg7 42. Kc2 Rd8 43. Kd2 Kf8 44. Re1 Bc6 45. Rf5 Rh2+ 46. Kd1 g3 47. Re6
g2 48. Rg6 Rh4 49. Bh7 Be4 50. Ke2 Bxf5 0-1

[Event "24. Acropolis 2009"]
[Site "Chalkida GRE"]
[Date "2009.08.15"]
[Round "6.33"]
[White "Makropoulou, Marina"]
[Black "Kotrotsos, Vasilios"]
[Result "1/2-1/2"]
[WhiteElo "2245"]
[BlackElo "2359"]
[PlyCount "82"]
[EventDate "2009.08.10"]
[EventType "swiss"]
[EventRounds "9"]
[EventCountry "GRE"]
[Source "lmi"]
[SourceDate "2009.08.10"]

1. e4 c5 2. Nf3 d6 3. d4 cxd4 4. Nxd4 Nf6 5. Nc3 a6 6. Bd3 Nc6 7. Nxc6 bxc6 8.
O-O g6 9. Bg5 Bg7 10. Qd2 O-O 11. Kh1 Rb8 12. b3 Ng4 13. Rad1 h6 14. Bf4 g5 15.
Bg3 f5 16. exf5 Bxf5 17. Bxf5 Rxf5 18. Qe2 Ne5 19. Ne4 Qf8 20. f3 a5 21. Nf2
Qf7 22. Rfe1 a4 23. Qa6 axb3 24. axb3 c5 25. Bxe5 Rxe5 26. Rxe5 Bxe5 27. Ng4
Bg7 28. Qa7 Re8 29. Qd7 h5 30. Ne3 Ra8 31. Nf5 Bf8 32. h3 Ra2 33. Qc8 Kh7 34.
Qd7 Kg6 35. Ne3 e6 36. Qb5 d5 37. Re1 Kg7 38. Qb8 Qf4 39. Qb7+ Qf7 40. Qb8 Qf4
41. Qb7+ Qf7 1/2-1/2

[Event "24. Acropolis 2009"]
[Site "Chalkida GRE"]
[Date "2009.08.15"]
[Round "6.34"]
[White "Pavlidis, Anastasios"]
[Black "Papadopoulou, Vera"]
[Result "1-0"]
[WhiteElo "2348"]
[BlackElo "2160"]
[PlyCount "83"]
[EventDate "2009.08.10"]
[EventType "swiss"]
[EventRounds "9"]
[EventCountry "GRE"]
[Source "lmi"]
[SourceDate "2009.08.10"]

1. d4 Nf6 2. c4 c5 3. d5 b5 4. cxb5 a6 5. bxa6 d6 6. Nc3 Bxa6 7. g3 g6 8. Bg2
Bg7 9. Nf3 Nbd7 10. Rb1 Qa5 11. O-O O-O 12. Bd2 Ng4 13. Qc2 Rfb8 14. b3 Qa3 15.
Qe4 Ngf6 16. Qc2 Ng4 17. Rfe1 c4 18. h3 Nge5 19. Nd4 cxb3 20. axb3 Nd3 21. exd3
Bxd4 22. Re4 Bf6 23. Ra4 Qc5 24. b4 Qc7 25. b5 Bb7 26. Rc4 Qd8 27. Be3 Rc8 28.
Rc6 Ra3 29. Ne4 Be5 30. Rxc8 Bxc8 31. b6 Ba6 32. Qc7 Qxc7 33. bxc7 Ra1 34. Rxa1
Bxa1 35. Bf1 Nf6 36. d4 Bc8 37. Nxf6+ exf6 38. Bf4 Bxd4 39. Bxd6 Bb6 40. g4 h5
41. gxh5 gxh5 42. Bf4 1-0